00389nam a2200097Ia 45000010005000000080041000050820026000461000082000722450113001542600024002672562241024s9999 xx 000 0 und d aRD/374.013/R426e/2000 aRepública Dominicana.Secretaría de Estado de Educación y Cultura (SEEC) 0aEstudio diagnóstico sobre la educación técnico profesional en la República Dominicana. Informe Final bSanto Domingoc2000